Primary productivity in the sea
Saved in:
| Other Authors: | |
|---|---|
| Format: | Book |
| Language: | English |
| Published: |
New York :
Plenum ,
c1980
|
| Series: | Environmental science research
Brookhaven symposia in biology |
| Subjects: | |
| Tags: |
Add Tag
No Tags, Be the first to tag this record!
|
MARC
| LEADER | 00000cam a2200000 i 4500 | ||
|---|---|---|---|
| 001 | 1/86813 | ||
| 008 | 970409s1980 eng d | ||
| 020 | |a 0-306-40623-3 | ||
| 035 | |l 10006581 | ||
| 040 | |a GR-MY-UA |b gre |e aacr | ||
| 041 | 0 | |a eng | |
| 082 | 0 | |a 581.52636 | |
| 245 | 1 | 0 | |a Primary productivity in the sea / |c Edited by Paul G. Falkowski |
| 260 | |a New York : |b Plenum , |c c1980 | ||
| 300 | |a ix, 531 p.; |b ill.; |c 26 cm | ||
| 490 | 1 | |a Environmental science research | |
| 490 | 1 | |a Brookhaven symposia in biology | |
| 504 | |a Includes bibliographical references and indexes | ||
| 650 | 0 | 0 | |a Primary productivity (Biology) |x Congresses. |
| 650 | 0 | 0 | |a Marine productivity |x Congresses. |
| 700 | 1 | |a Falkowski, Paul G. |4 edt | |
| 830 | 0 | |a Environmental science research | |
| 830 | 0 | |a Brookhaven symposia in biology | |
| 852 | |a INST |b LESVOS |e 19970409 |h 581.52636 PRI |p 005100011570 |q 005100011570 |t BK |y 0 | ||
| 909 | |a Λ |b 009592 | ||